000 01047nam a2200289 a 4500
001 000025059
005 20200930023534.0
008 110201s1999 mx a r 000 | spa d
020 _a9686898603
040 _aDO-SdBNP
_bspa
_cBNPHU
082 _a370.972
_bI62v
245 0 0 _aInventorio varia :
_btextos de, desde y para la historia de la educación en México /
_ccoordinación Mario Aguirre Beltrán, Valentina Cantón Arjona.
260 _aMéxico, D. F. :
_bUniversidad Pedagógica Nacional,
_c1999.
300 _av. ;
_c23 cm.
490 1 _aTextos
_v10
500 _aLa bilbioteca posee el tomo 2
504 _aIncluye notas al pie de páginas
500 _aIncluye referencias bibliográficas
650 4 _aEducación
_xHistoria
_zMéxico
_950681
651 4 _aMéxico
_xPolítica Educativa
_951418
650 4 _aMétodos de enseñanza
_92196
650 4 _aModelos de enseñanza
_910348
700 1 _aCantón Arjona , Valentina
_947861
700 1 _aAguirre Beltrán, Mario
_951419
830 0 _aTextos ;
_v10
_914460
049 _aBNGR
999 _c24552
_d24552